[Event "FIDE Open"]
[Site "Voronezh"]
[Date "2018.06.18"]
[Round "7.52"]
[White "Lesnykh, Zhanna"]
[Black "Khanin, Alexandr"]
[Result "0-1"]
[WhiteElo "1616"]
[BlackElo "1744"]
[Annotator ""]
[Source ""]
[Remark ""]

1.f4 d5 2.Nf3 Bf5 3.g3 Nf6 4.Bg2 e6 5.O-O Be7 6.e3 Nbd7 7.Nc3
h5 8.b3 Ne4 9.Nxe4 dxe4 10.Nd4 Bf6 11.Rb1 Bxd4 12.exd4 Nf6 13.Bb2
h4 14.Qe2 c6 15.b4 hxg3 16.hxg3 Bg4 17.Qc4 Qd7 18.a4 Rc8 19.Qc5
b6 20.Qc3 Nd5 21.Qb3 f5 22.c4 Nf6 23.Rfe1 Kf7 24.Qc3 Rh6 25.a5
Rch8 26.axb6 axb6 27.Ra1 Bh3 28.Bh1 Ng4 29.d5 R8h7 30.dxc6 Qe7
31.Ra6 Qc7 32.Qd4 Qxc6 33.Ra7+ Ke8 34.Rea1 e5 35.Ra8+ Kf7 36.fxe5
Bf1 37.e6+ Kg6 38.Bg2 Bxg2 39.Qxg7+ Rxg7 40.Bxg7 Kxg7 41.R1a7+
Kg6 42.Rg8+ Kh5 43.e7 Nf6 44.e8Q+ Nxe8 45.Rf7 Bh3 46.Kh2 Bg4
47.Ra7 Qxc4 48.Rxe8 Qe2+ 49.Kg1 Bh3 50.Kh1 Qg2# 0-1

[Event "FIDE Open"]
[Site "Voronezh"]
[Date "2018.06.18"]
[Round "7.53"]
[White "Zhapova, Yana"]
[Black "Koshelev, Vladimir"]
[Result "1-0"]
[WhiteElo "1597"]
[BlackElo "1741"]
[Annotator ""]
[Source ""]
[Remark ""]

1.e4 e6 2.d4 d5 3.Nd2 a6 4.c3 c5 5.exd5 Qxd5 6.Ngf3 Nf6 7.Bc4
Qd8 8.a4 cxd4 9.Nxd4 Bd6 10.O-O O-O 11.Re1 e5 12.Nc2 Bg4 13.Be2
Bxe2 14.Qxe2 Nc6 15.Nc4 Bc7 16.Bg5 h6 17.Bh4 g5 18.Bg3 e4 19.Rad1
Qb8 20.Bxc7 Qxc7 21.Nd6 Kg7 22.Nxe4 Rfe8 23.Qf3 Qf4 24.Qxf4 gxf4
25.Nxf6 Rxe1+ 26.Nxe1 Kxf6 27.Rd7 Re8 28.Kf1 b5 29.axb5 axb5
30.Nd3 f3 31.gxf3 Rd8 32.Rxd8 Nxd8 33.Ke2 Ne6 34.Ke3 Kf5 35.b3
f6 36.c4 bxc4 37.bxc4 h5 38.c5 Kg5 39.Ke4 Nc7 40.Nf4 Ne8 41.Ng2
h4 42.Nf4 Nc7 43.c6 Nb5 44.Ne6+ Kg6 45.Kd5 Na7 46.Kd6 Nc8+ 47.Kc7
Ne7 48.Kd7 Nxc6 49.Kxc6 Kf5 50.Kd5 1-0

[Event "FIDE Open"]
[Site "Voronezh"]
[Date "2018.06.18"]
[Round "7.54"]
[White "Pikalova, Sofya"]
[Black "Rudakov, Sergey S."]
[Result "1-0"]
[WhiteElo "1739"]
[BlackElo "1568"]
[Annotator ""]
[Source ""]
[Remark ""]

1.e4 e6 2.d4 d5 3.Nd2 Nc6 4.c3 e5 5.Ngf3 Bg4 6.dxe5 dxe4 7.Nxe4
Qxd1+ 8.Kxd1 O-O-O+ 9.Kc2 Bxf3 10.gxf3 Nxe5 11.f4 Ng6 12.Bh3+
Kb8 13.Be3 Be7 14.Rad1 Nh6 15.Rhg1 f5 16.Ng5 Bd6 17.Ne6 Rd7 18.Bd4
Rg8 19.Rge1 Nxf4 20.Nxf4 Bxf4 21.Bxa7+ Kxa7 22.Rxd7 Bxh2 23.Ree7
Ng4 24.Bxg4 fxg4 25.Rxg7 Rf8 26.Rdf7 Re8 27.Rxg4 Re2+ 28.Kb3
h6 29.Rh4 Bd6 30.Rxh6 Re4 31.f3 Re2 32.f4 Rf2 33.f5 Bf4 34.Rh1
b5 35.Ra1 Kb6 36.a4 bxa4+ 37.Rxa4 Bc1 38.Rb4+ Ka5 39.Ka3 Bf4
40.Rf8 1-0

[Event "FIDE Open"]
[Site "Voronezh"]
[Date "2018.06.18"]
[Round "7.55"]
[White "Netsvetaev, Kirill"]
[Black "Kuzmin, Vitaly"]
[Result "1-0"]
[WhiteElo "1536"]
[BlackElo "1738"]
[Annotator ""]
[Source ""]
[Remark ""]

1.d4 d5 2.Nf3 Nf6 3.g3 h6 4.Bg2 Bf5 5.c4 c6 6.Nbd2 e6 7.b3 Be7
8.Bb2 O-O 9.O-O Nbd7 10.Ne5 Nxe5 11.dxe5 Nd7 12.e4 dxe4 13.Nxe4
Bxe4 14.Bxe4 Nc5 15.Bc2 Qxd1 16.Rfxd1 Rfd8 17.Kf1 Rxd1+ 18.Rxd1
Rd8 19.Rxd8+ Bxd8 20.Ke2 f6 21.exf6 Bxf6 22.Ba3 Be7 23.Bb4 Kf8
24.Ke3 Nd7 25.Bxe7+ Kxe7 26.f3 Kd6 27.b4 b6 28.f4 c5 29.b5 Nb8
30.h4 a5 31.g4 Nd7 32.g5 hxg5 33.hxg5 Ke7 34.Be4 Nf8 35.Bc6 Ng6
36.Be4 Nh8 37.Kf3 Nf7 38.Kg4 Nd6 39.Bd3 Kf7 40.Kf3 Nf5 41.Ke4
Nd6+ 42.Ke5 Ke7 43.g6 Kd7 44.Be2 Nf5 45.Bg4 Nd4 46.Bd1 Nf5 47.Be2
Nd6 48.Bd3 Ke7 49.f5 exf5 50.Kd5 Kd7 51.Bc2 f4 52.Bd3 {%00þ} 1-0

[Event "FIDE Open"]
[Site "Voronezh"]
[Date "2018.06.18"]
[Round "7.56"]
[White "Meshkov, Timofey"]
[Black "Vorobiov, Nikolai"]
[Result "0-1"]
[WhiteElo "1403"]
[BlackElo "1873"]
[Annotator ""]
[Source ""]
[Remark ""]

1.d4 b6 2.c4 e6 3.Nf3 Bb7 4.Nc3 f5 5.Bf4 Nf6 6.e3 Bb4 7.Qc2 h6
8.Bd3 a5 9.O-O Bxc3 10.Qxc3 d6 11.h3 Bxf3 12.gxf3 Nh5 13.Bg3
Qf6 14.Qc2 Nd7 15.c5 bxc5 16.Bb5 Nxg3 17.fxg3 Rb8 18.Qa4 cxd4
19.exd4 Ke7 20.Rac1 Rxb5 21.Qxb5 Qxd4+ 22.Rf2 Rb8 23.Qe2 c5 24.Rd1
Qe5 25.Qd2 Rb6 26.f4 Qe4 27.Qxa5 g5 28.Qc3 Nf6 29.Qa5 Qb7 30.fxg5
hxg5 31.Qd2 Ne4 32.Qe3 Rxb2 33.Rxb2 Qxb2 34.Qe1 Qxa2 35.Ra1 Qb3
36.Kh2 Qb2+ 37.Kg1 Kf6 38.Rb1 Qd4+ 39.Kh1 Nxg3+ 40.Kg2 Ne4 41.Rd1
Qb2+ 42.Kg1 c4 43.Rb1 Qd4+ 44.Kh1 c3 45.Rc1 Qd2 46.Qf1 Ng3+ 0-1

[Event "FIDE Open"]
[Site "Voronezh"]
[Date "2018.06.18"]
[Round "7.57"]
[White "Titov, Oleg"]
[Black "Shoshin, Kirill"]
[Result "0-1"]
[WhiteElo "1695"]
[BlackElo "1938"]
[Annotator ""]
[Source ""]
[Remark ""]

1.e4 e6 2.d4 d5 3.Nd2 c5 4.exd5 exd5 5.Bb5+ Bd7 6.Bxd7+ Nxd7
7.Ngf3 Ngf6 8.O-O Be7 9.dxc5 Nxc5 10.Nb3 Nce4 11.Nfd4 O-O 12.f3
Nd6 13.Bg5 Nc4 14.Qc1 Nd7 15.Bxe7 Qxe7 16.Re1 Qf6 17.c3 Rfe8
18.Qc2 Ndb6 19.Nc5 Qd6 20.Nd3 Qg6 21.b3 Nd6 22.Nc5 Qxc2 23.Nxc2
Nb5 24.Nxb7 Nxc3 25.a4 Nd7 26.Nd4 g6 27.Rac1 Rxe1+ 28.Rxe1 Rb8
29.Nd6 Rb6 30.N6b5 Nxb5 31.Nxb5 a6 32.Nd4 Rb4 33.Rd1 Nc5 34.a5
Nxb3 35.Nxb3 Rxb3 36.Rxd5 Ra3 37.Kf2 Kf8 38.Kg3 Ke7 39.Kg4 Ke6
40.Rc5 Kd6 41.Rc8 Rxa5 42.f4 Ke7 43.Rh8 Kf6 44.h3 Kg7 45.Ra8
Ra3 46.Ra7 a5 47.h4 h5+ 0-1

[Event "FIDE Open"]
[Site "Voronezh"]
[Date "2018.06.18"]
[Round "7.58"]
[White "Shcherbinin, Nikolay"]
[Black "Gerasko, Viacheslav"]
[Result "0-1"]
[WhiteElo "1671"]
[BlackElo "1862"]
[Annotator ""]
[Source ""]
[Remark ""]

1.e4 c5 2.Nc3 Nc6 3.g3 g6 4.Bg2 Bg7 5.d3 e6 6.f4 Nge7 7.Be3 b6
8.Nf3 d5 9.Bf2 d4 10.Ne2 O-O 11.O-O e5 12.Qd2 Bd7 13.fxe5 Nxe5
14.c3 Nxf3+ 15.Bxf3 Bh3 16.Rfd1 Nc6 17.cxd4 cxd4 18.Rac1 Ne5
19.Bh1 Ng4 20.Rc4 Bh6 21.Nf4 Nxf2 22.Qxf2 Bg4 23.Rdc1 Bg7 24.h3
Bd7 25.e5 Rc8 26.Qxd4 Rxc4 27.dxc4 Qe7 28.Rd1 Rc8 29.Re1 Re8
30.Nd3 Bxh3 31.Bd5 Bf5 32.Bc6 Rc8 33.Be4 Rd8 34.Qc3 Be6 35.Nf4
Qc5+ 36.Qe3 Qxe3+ 37.Rxe3 Bxc4 38.b3 Ba6 39.Bd5 g5 0-1

[Event "FIDE Open"]
[Site "Voronezh"]
[Date "2018.06.18"]
[Round "7.59"]
[White "Vasiljev, Ilya"]
[Black "Makushin, Aleksandr"]
[Result "1-0"]
[WhiteElo "1816"]
[BlackElo "1692"]
[Annotator ""]
[Source ""]
[Remark ""]

1.e4 c6 2.d4 d5 3.Nc3 dxe4 4.Nxe4 Bf5 5.Ng3 Bg6 6.h4 h6 7.f4
e6 8.Nf3 Nd7 9.c3 Ngf6 10.Ne5 Nxe5 11.fxe5 Ne4 12.Nxe4 Bxe4 13.Be3
Qd5 14.Qd2 O-O-O 15.c4 Qd7 16.O-O-O Be7 17.Bd3 Bxd3 18.Qxd3 Kb8
19.Qb3 Qc7 20.g3 f5 21.Kb1 g5 22.h5 c5 23.Qc3 cxd4 24.Bxd4 Bc5
25.Bxc5 Qxc5 26.b4 Qc7 27.c5 Rxd1+ 28.Rxd1 Rd8 29.Rd6 Qe7 30.Qd4
Kc8 31.Qc4 Qf7 32.b5 Qxh5 33.Qxe6+ 1-0

[Event "FIDE Open"]
[Site "Voronezh"]
[Date "2018.06.18"]
[Round "7.60"]
[White "Ragimli, Deniz"]
[Black "Knyazev, Pavel"]
[Result "0-1"]
[WhiteElo "1626"]
[BlackElo "1762"]
[Annotator ""]
[Source ""]
[Remark ""]

1.d4 Nf6 2.Bg5 d6 3.Bxf6 exf6 4.e3 g6 5.g3 Bg7 6.Bg2 Nd7 7.Ne2
f5 8.c4 O-O 9.O-O c5 10.Nbc3 a6 11.b3 h5 12.h4 g5 13.hxg5 Qxg5
14.Nf4 h4 15.Ncd5 hxg3 16.fxg3 Nf6 17.Nxf6+ Bxf6 18.Kf2 cxd4
19.exd4 Qg7 20.Ne2 Re8 21.Qd3 f4 22.gxf4 Bg4 23.Bf3 Bh4+ 24.Ng3
Bxg3+ 25.Kxg3 Bf5+ 0-1

[Event "FIDE Open"]
[Site "Voronezh"]
[Date "2018.06.18"]
[Round "7.61"]
[White "Volovich, Evgeny"]
[Black "Strukov, Dmitry"]
[Result "1/2-1/2"]
[WhiteElo "1617"]
[BlackElo "1737"]
[Annotator ""]
[Source ""]
[Remark ""]

1.e4 c5 2.Nf3 d6 3.d4 cxd4 4.Nxd4 Nf6 5.Nc3 g6 6.Be3 Bg7 7.f3
O-O 8.Qd2 Nc6 9.O-O-O Nxd4 10.Bxd4 Be6 11.Kb1 Re8 12.g4 Rc8 13.h4
h5 14.gxh5 Nxh5 15.Bxg7 Nxg7 16.h5 gxh5 17.Qg5 Rc5 18.Nd5 Bxd5
19.exd5 e6 20.Qh6 Rxd5 21.Rxd5 exd5 22.Bd3 f5 23.Bxf5 Qe7 24.Bh7+
Kf8 25.Qf4+ Qf7 26.Qxd6+ Re7 27.Re1 Ne8 28.Qh6+ Qg7 29.Qf4+ Rf7
30.Qb4+ Re7 31.Bd3 Qf6 32.a3 b6 33.Rxe7 Qxe7 34.Qf4+ Qf6 35.Qg3
h4 36.Qg4 a5 37.Bh7 Ke7 38.f4 Ng7 39.Bd3 Ne6 40.Bf5 Nc5 41.Bd3
Na4 42.c3 Nc5 43.Bc2 Kd6 44.Ka2 d4 45.cxd4 Qe6+ 46.Qxe6+ Nxe6
47.Be4 Nxd4 48.b3 h3 49.Kb2 Ne2 50.f5 Ng3 51.Bf3 Nxf5 52.Kc3
h2 53.Kc4 Ng3 54.Kb5 Kc7 55.a4 Nf5 56.Bg2 Nd4+ 57.Kc4 Nc6 58.Kb5
Nd4+ 59.Kc4 Nc2 60.Be4 Kd6 61.Kb5 Kc7 62.Bg2 Na3+ 63.Ka6 Nb1
64.Kb5 Na3+ 65.Ka6 Nc2 66.Kb5 Nd4+ 67.Kc4 Nc2 68.Kb5 Nb4 69.Bh1
Na2 1/2-1/2

[Event "FIDE Open"]
[Site "Voronezh"]
[Date "2018.06.18"]
[Round "7.62"]
[White "Pogorelov, Aleksey"]
[Black "Rubtsov, Victor"]
[Result "0-1"]
[WhiteElo "1569"]
[BlackElo "1735"]
[Annotator ""]
[Source ""]
[Remark ""]

1.d4 d5 2.c4 c6 3.Nc3 Nf6 4.Bg5 Ne4 5.Nxe4 dxe4 6.e3 Qa5+ 7.Qd2
Qxg5 8.Ne2 Nd7 9.Nc3 Nf6 10.g3 Bg4 11.h4 Qf5 12.Be2 0-1

[Event "FIDE Open"]
[Site "Voronezh"]
[Date "2018.06.18"]
[Round "7.64"]
[White "Denisenko, Dmitry"]
[Black "Voronin, Yaroslav"]
[Result "0-1"]
[WhiteElo "1703"]
[BlackElo "1684"]
[Annotator ""]
[Source ""]
[Remark ""]

1.e4 e6 2.d4 d5 3.exd5 exd5 4.Nf3 Nf6 5.Bg5 Be7 6.Be2 Nbd7 7.Nbd2
O-O 8.O-O Re8 9.Bd3 h6 10.Bh4 Bd6 11.c4 dxc4 12.Nxc4 Be7 13.Ne3
Nb6 14.Ne5 Be6 15.Nf5 Bxf5 16.Bxf5 Nbd5 17.Qb3 Rb8 18.Rae1 c6
19.Bg3 Bd6 20.Nc4 Bxg3 21.Qxg3 Qc7 22.Ne5 Rbd8 23.Ng4 Qxg3 24.Nxf6+
Nxf6 25.hxg3 Rxd4 26.Rxe8+ Nxe8 27.b3 Rd2 28.Bb1 Rb2 29.Rd1 g6
30.f3 Nf6 31.Kh2 Kg7 32.Rc1 Nd5 33.g4 Nf4 34.Rg1 Nxg2 35.Rxg2
Rxb1 36.Kg3 Rd1 37.Rc2 Rd5 38.Rc3 h5 39.a4 hxg4 40.Kxg4 Rd4+
41.Kg3 Kf6 42.Kh3 Ke5 43.Kg3 Kd6 44.Kh3 c5 45.Kg3 b6 46.Kf2 Rd5
47.Ke3 Re5+ 48.Kf2 a6 49.f4 Re4 50.Kf3 Rd4 51.Kg4 Rd5 0-1

[Event "FIDE Open"]
[Site "Voronezh"]
[Date "2018.06.18"]
[Round "7.65"]
[White "Povelitsa, Nikolai"]
[Black "Godzhurov, Lidzhi"]
[Result "0-1"]
[WhiteElo "1364"]
[BlackElo "1703"]
[Annotator ""]
[Source ""]
[Remark ""]

1.e4 c5 2.Nc3 Nc6 3.a3 g6 4.Nf3 Bg7 5.Bc4 e6 6.d3 Nge7 7.h3 O-O
8.Bd2 a6 9.Qe2 d5 10.Ba2 b5 11.O-O Bb7 12.Rfe1 Rc8 13.Rad1 Nd4
14.Nxd4 cxd4 15.Nxd5 exd5 16.Bg5 h6 17.exd5 hxg5 18.Qxe7 Qxe7
19.Rxe7 Rfd8 0-1

[Event "FIDE Open"]
[Site "Voronezh"]
[Date "2018.06.18"]
[Round "7.66"]
[White "Ryumshin, Vladislav"]
[Black "Badtrutdinova, Darya"]
[Result "0-1"]
[WhiteElo "1697"]
[BlackElo "1604"]
[Annotator ""]
[Source ""]
[Remark ""]

1.e4 c6 2.d4 d5 3.e5 c5 4.c3 Nc6 5.Nf3 Bg4 6.Be2 e6 7.O-O cxd4
8.Nxd4 Bxe2 9.Qxe2 Nge7 10.Bg5 Qd7 11.Nxc6 Nxc6 12.f4 Bc5+ 13.Kh1
Ne7 14.Bxe7 Bxe7 15.Nd2 O-O 16.Nb3 g6 17.Nd4 Rab8 18.a4 a6 19.a5
h5 20.Qf3 Rbc8 21.Qh3 Bc5 22.Nc2 Qb5 23.b4 Ba7 24.Rf3 Qc4 25.Raf1
Rc7 26.g4 hxg4 27.Qxg4 Kg7 28.Qg5 Qe4 29.Qg2 Rfc8 30.Re1 Qf5
31.Ne3 Bxe3 32.Rexe3 Rc4 33.Qf1 Qc2 34.Qd3 Qc1+ 35.Kg2 Rh8 36.Rf2
Rh4 37.Rc2 Qb1 38.Qd2 Rcxf4 39.Rc1 Qf5 40.h3 Re4 41.Rf1 Qg5+ 0-1

[Event "FIDE Open"]
[Site "Voronezh"]
[Date "2018.06.18"]
[Round "7.67"]
[White "Kuzminykh, Nikita"]
[Black "Degtiarev, Viktor"]
[Result "1-0"]
[WhiteElo "1658"]
[BlackElo "1772"]
[Annotator ""]
[Source ""]
[Remark ""]

1.e4 c5 2.Nf3 d6 3.d4 cxd4 4.Qxd4 Nc6 5.Bb5 Bd7 6.Bxc6 Bxc6 7.Nc3
Nf6 8.Bg5 Nd7 9.O-O Qb6 10.b4 Rc8 11.b5 Bxe4 12.Qxb6 Nxb6 13.Nxe4
Rxc2 14.Rfc1 Rxc1+ 15.Rxc1 Kd7 16.Be3 Nc8 1-0

[Event "FIDE Open"]
[Site "Voronezh"]
[Date "2018.06.18"]
[Round "7.68"]
[White "Ochirova, Anita"]
[Black "Lebedeva, Ekaterina"]
[Result "1-0"]
[WhiteElo "1691"]
[BlackElo "1503"]
[Annotator ""]
[Source ""]
[Remark ""]

1.e4 c5 2.g3 g6 3.Bg2 Bg7 4.c3 Nc6 5.Ne2 d6 6.h3 Nf6 7.O-O O-O
8.d4 cxd4 9.cxd4 Bd7 10.Nbc3 Qc8 11.Kh2 h5 12.Be3 Kh7 13.Rc1
Qd8 14.f4 Rh8 15.e5 Ne8 16.Be4 dxe5 17.dxe5 Be6 18.Qc2 Qc8 19.Bxc6
bxc6 20.Ne4 Kg8 21.Ng5 Bd5 22.Nd4 f6 23.exf6 exf6 24.Ngf3 Kh7
25.Nxc6 Qe6 26.Ncd4 Qa6 27.Nh4 Bf7 28.f5 g5 29.Bxg5 fxg5 30.f6+
Kg8 31.fxg7 Nxg7 32.Nhf5 Qxa2 33.Ne7+ Kf8 34.Ng6+ Kg8 35.Nxh8
Kxh8 1-0

[Event "FIDE Open"]
[Site "Voronezh"]
[Date "2018.06.18"]
[Round "7.69"]
[White "Tatarintsev, Mikhail"]
[Black "Neklyudova, Taisiya"]
[Result "1-0"]
[WhiteElo "1681"]
[BlackElo "1268"]
[Annotator ""]
[Source ""]
[Remark ""]

1.e4 e5 2.Nf3 Nc6 3.Bb5 d6 4.d4 Bd7 5.Nc3 exd4 6.Nxd4 Nxd4 7.Bxd7+
Qxd7 8.Qxd4 Nf6 9.O-O Be7 10.Re1 O-O 11.h3 c6 12.Bf4 Rfd8 13.Rad1
h6 14.Re2 Ne8 15.a3 b6 16.Qe3 Qe6 17.Red2 Rab8 18.Ne2 Nf6 19.Nd4
Qd7 20.Nf5 Ne8 21.Qg3 Kh7 22.Bxd6 Bxd6 23.Rxd6 Qc8 24.Rxd8 1-0

[Event "FIDE Open"]
[Site "Voronezh"]
[Date "2018.06.18"]
[Round "7.70"]
[White "Kuritsina, Zlata"]
[Black "Chuprik, Ilya"]
[Result "1/2-1/2"]
[WhiteElo "1508"]
[BlackElo "1650"]
[Annotator ""]
[Source ""]
[Remark ""]

1.e4 c6 2.d4 d5 3.exd5 cxd5 4.Bd3 Nc6 5.c3 Nf6 6.h3 g6 7.Nf3
Bg7 8.Bf4 O-O 9.O-O e6 10.Nbd2 Ne7 11.Ne5 Nh5 12.Bh2 Nf6 13.Ndf3
Ne8 14.Re1 f6 15.Ng4 Nd6 16.Qb3 Kh8 17.Qb4 Nf7 18.Bb5 a6 19.Bd3
Nc6 20.Qb3 Re8 21.Rad1 Nd6 22.Qc2 f5 23.Nge5 Rf8 24.Nxc6 bxc6
25.Ne5 Qc7 26.c4 f4 27.cxd5 exd5 28.Bxg6 hxg6 29.Nxg6+ Kg8 30.Nxf8
Bf5 31.Qd2 Ne4 32.Qxf4 Qxf4 33.Bxf4 Rxf8 34.f3 Nf6 35.Be5 Kf7
36.g4 Bd7 37.g5 Nh5 38.Bd6 Re8 39.Rxe8 Bxe8 40.h4 a5 1/2-1/2

[Event "FIDE Open"]
[Site "Voronezh"]
[Date "2018.06.18"]
[Round "7.71"]
[White "Shipitsyna, Guzyal"]
[Black "Krekoten, Vladimir"]
[Result "0-1"]
[WhiteElo "1444"]
[BlackElo "1718"]
[Annotator ""]
[Source ""]
[Remark ""]

1.d4 Nf6 2.c4 e5 3.dxe5 Ng4 4.Nf3 Bc5 5.e3 Nc6 6.Nc3 Ngxe5 7.Be2
O-O 8.a3 a5 9.O-O d6 10.Qc2 Nxf3+ 11.Bxf3 Ne5 12.Be2 Qh4 13.Nd5
c6 14.g3 Qd8 15.Nf4 g5 16.Ng2 f5 17.b3 Ng6 18.Bb2 Qe7 19.Rfd1
f4 20.exf4 gxf4 21.Bd3 fxg3 22.Bxg6 gxf2+ 23.Kh1 Rf6 24.Bxf6
Qxf6 25.Bxh7+ Kg7 26.Bd3 Bg4 27.Be2 Bf5 28.Qd2 Be4 29.Bd3 d5
30.Bxe4 dxe4 31.Qd7+ Kf8 32.Qd2 Re8 33.Qf4 Qxf4 34.Nxf4 e3 35.Ne2
Ke7 36.Kg2 Rf8 37.b4 axb4 38.axb4 Bxb4 39.Ra7 Be1 40.Rxb7+ Ke6
41.Rg7 f1Q# 0-1

[Event "FIDE Open"]
[Site "Voronezh"]
[Date "2018.06.18"]
[Round "7.72"]
[White "Zakharov, Timofey V."]
[Black "Cherniavskaya, Klara"]
[Result "1-0"]
[WhiteElo "1389"]
[BlackElo "1357"]
[Annotator ""]
[Source ""]
[Remark ""]

1.e4 c6 2.d4 d5 3.exd5 Qxd5 4.c4 Qe4+ 5.Be3 Bf5 6.Nc3 Qc2 7.Qxc2
Bxc2 8.Nf3 Bg6 9.Ne5 e6 10.Nxg6 hxg6 11.a3 Nf6 12.Be2 Bd6 13.h3
Nbd7 14.O-O Bc7 15.c5 Ba5 16.b4 Bc7 17.Bf3 Nd5 18.Nxd5 exd5 19.b5
O-O 20.Rab1 Nf6 21.bxc6 bxc6 22.Rb7 Ne8 23.Rfb1 f5 24.Bd2 Rf7
25.g4 f4 26.g5 a5 27.Bg4 Re7 28.Bxf4 Kf7 29.Bd2 Re4 30.Bc3 Kf8
31.Bd7 Bf4 32.Bxc6 Bxg5 33.Bxd5 Rf4 34.Bd2 Rf5 35.Be4 Bxd2 36.Bxf5
gxf5 37.Rb8 Ra7 38.d5 Bf4 39.Re1 Bxb8 40.c6 Bc7 41.Rd1 g6 42.Kg2
Kf7 43.Re1 Ra6 44.Rb1 Nf6 45.Rd1 Bd6 46.a4 Rb6 47.Kf3 Rb4 48.Ke3
Rxa4 49.Rd3 Re4+ 50.Kd2 Bb4+ 51.Kc2 Rc4+ 52.Kb3 Rf4 53.c7 Be7
54.c8Q Rb4+ 55.Kc2 Re4 1-0

[Event "Fide Open"]
[Site "Voronezh"]
[Date "2018.06.18"]
[Round "7.1"]
[White "Lebedev, Mikhail S."]
[Black "Lepaev, Andrey"]
[Result "1/2-1/2"]
[WhiteElo "2103"]
[BlackElo "1992"]
[Annotator ""]
[Source ""]
[Remark ""]

1.e4 d6 2.d4 Nf6 3.Nc3 g6 4.f3 c6 5.Be3 Nbd7 6.Qd2 b5 7.d5 b4
8.dxc6 bxc3 9.cxd7+ Bxd7 10.Qxc3 Bg7 11.Qd2 Qc7 12.c3 O-O 13.Ne2
Rab8 14.Rc1 Qa5 15.b3 Rfc8 16.c4 Qa3 17.Nc3 a5 18.Be2 a4 19.Nb1
Qb4 20.Qxb4 Rxb4 21.Bd2 Rbb8 22.b4 Be6 23.Kf2 Nd7 24.Rc2 Bd4+
25.Kg3 f5 26.a3 fxe4 27.f4 Bf5 28.Bc3 e5 29.fxe5 Bxe5+ 30.Bxe5
Nxe5 31.Rc3 Rc7 32.Rd1 Rbc8 33.Rd4 e3 34.Rd1 Nxc4 35.Bxc4+ Rxc4
36.Rxe3 Rg4+ 37.Kf2 Rc2+ 38.Rd2 Rc1 39.Nc3 Rf4+ 40.Kg3 Rg4+ 41.Kf2
Rf4+ 42.Kg3 Rg4+ 43.Kf2 1/2-1/2

[Event "Fide Open"]
[Site "Voronezh"]
[Date "2018.06.18"]
[Round "7.2"]
[White "Kazmin, Semen"]
[Black "Novikov, Sergey D"]
[Result "1-0"]
[WhiteElo "1970"]
[BlackElo "2180"]
[Annotator ""]
[Source ""]
[Remark ""]

1.e4 c5 2.Nf3 d6 3.d4 cxd4 4.Nxd4 Nf6 5.Nc3 g6 6.Be3 Bg7 7.f3
O-O 8.Qd2 Nc6 9.g4 Be6 10.Nxe6 fxe6 11.O-O-O Ne5 12.Be2 Qc8 13.h4
Nfd7 14.f4 Nc4 15.Bxc4 Qxc4 16.e5 Rad8 17.h5 dxe5 18.hxg6 exf4
19.Rxh7 Nf6 20.Qxd8 Nxh7 21.gxh7+ Kxh7 22.Qxe7 fxe3 23.Qh4+ Kg8
24.Qe1 Bxc3 25.Qxc3 Qe4 26.Qd3 Qxd3 27.cxd3 Kg7 28.Re1 Rf3 29.d4
Kf6 30.Kc2 Kg5 31.Kd3 Kxg4 32.Rxe3 Kf4 33.Rxf3+ Kxf3 34.b4 b5
35.d5 e5 36.d6 e4+ 37.Kd2 Kf2 38.d7 e3+ 39.Kd3 e2 40.d8Q e1Q
41.Qh4+ Kf1 42.Qxe1+ Kxe1 43.Kd4 Kd2 44.Kc5 Kc3 45.Kxb5 Kb2 46.a4
Kb3 47.a5 Ka3 48.a6 1-0

[Event "Fide Open"]
[Site "Voronezh"]
[Date "2018.06.18"]
[Round "7.3"]
[White "Kuzmin, Roman"]
[Black "Lukovnikov, Alexander"]
[Result "1/2-1/2"]
[WhiteElo "1963"]
[BlackElo "2153"]
[Annotator ""]
[Source ""]
[Remark ""]

1.e4 e5 2.Nf3 Nc6 3.Bb5 f5 4.Nc3 fxe4 5.Nxe4 d5 6.Nxe5 dxe4 7.Nxc6
Qg5 8.Nd4+ c6 9.Bf1 Qe5 10.c3 Nf6 11.d3 exd3+ 12.Be3 Bg4 13.Qxd3
O-O-O 14.Be2 c5 15.Bxg4+ Nxg4 16.Qf5+ Qxf5 17.Nxf5 g6 18.Ng3
Re8 19.Kd2 Nxe3 20.fxe3 Bh6 21.Rhe1 Rhf8 22.Re2 Rf6 23.Rae1 Rfe6
24.Nf1 Kc7 25.Kd3 Kc6 26.Nd2 b5 27.e4 c4+ 28.Kc2 Bxd2 29.Kxd2
Kc5 30.Re3 a5 31.a3 Re5 32.R1e2 b4 33.axb4+ axb4 34.cxb4+ Kxb4
35.Kc2 R8e7 36.b3 cxb3+ 37.Rxb3+ Kc4 38.Rc3+ Kd4 39.Rd3+ Kc4
40.Rc3+ 1/2-1/2

[Event "Fide Open"]
[Site "Voronezh"]
[Date "2018.06.18"]
[Round "7.4"]
[White "Artemov, Nikita"]
[Black "Kulpin, Dmitriy"]
[Result "1/2-1/2"]
[WhiteElo "1970"]
[BlackElo "1954"]
[Annotator ""]
[Source ""]
[Remark ""]

1.e4 c5 2.Nf3 e6 3.d4 cxd4 4.Nxd4 Nc6 5.Nc3 Qc7 6.Be2 a6 7.O-O
Nf6 8.Kh1 Be7 9.Be3 d6 10.f4 O-O 11.Qe1 b5 12.a3 Bb7 13.Bd3 Ng4
14.Bg1 Nxd4 15.Bxd4 e5 16.Bg1 exf4 17.Rxf4 Ne5 18.Bd4 Bg5 19.Rf5
f6 20.Qg3 g6 21.Rf2 Qe7 22.h4 Bh6 23.Raf1 Kg7 24.Nd1 Bc8 25.Be3
Be6 26.Bxh6+ Kxh6 27.Ne3 Rf7 28.Be2 Raf8 29.Bg4 Nxg4 30.Nxg4+
Bxg4 31.Qxg4 f5 32.exf5 Rxf5 33.Rxf5 Rxf5 34.Rxf5 gxf5 35.Qf4+
Kg6 36.h5+ Kxh5 37.Qxf5+ Kh4 38.Qf4+ Kh5 39.Qf5+ Kh4 40.Qf4+ 1/2-1/2

[Event "Fide Open"]
[Site "Voronezh"]
[Date "2018.06.18"]
[Round "7.5"]
[White "Tikhonov, Viacheslav"]
[Black "Provkin, Vladimir"]
[Result "0-1"]
[WhiteElo "1993"]
[BlackElo "2182"]
[Annotator ""]
[Source ""]
[Remark ""]

1.e4 c5 2.Nc3 d6 3.d4 cxd4 4.Qxd4 a6 5.b3 Nc6 6.Qd2 g6 7.Bb2
Bh6 8.f4 Nf6 9.O-O-O Qa5 10.Kb1 O-O 11.g3 Bg4 12.Be2 Rac8 13.Nd5
Nxd5 14.Qxa5 Nxa5 15.Bxg4 Ne3 16.Bxc8 Nxd1 17.Bh3 Nf2 18.Bg2
Nxh1 19.Bxh1 Bg7 20.Bc1 Nc6 21.Nf3 Nd4 22.Nxd4 Bxd4 23.c4 h5
24.Kc2 b5 25.Kd3 Bg1 26.h3 bxc4+ 27.bxc4 Rb8 28.e5 dxe5 29.fxe5
Bc5 30.e6 f5 31.Bf4 Rb2 32.a4 Rb3+ 33.Ke2 Rb4 34.a5 Rxc4 35.Bb7
Ra4 36.Bxa6 Rxa5 37.Bc4 Ra3 38.h4 Kf8 39.Bb5 Bd6 40.Bh6+ Kg8
41.Be8 Kh7 42.Bg5 Rxg3 43.Bf7 Rxg5 0-1

[Event "Fide Open"]
[Site "Voronezh"]
[Date "2018.06.18"]
[Round "7.6"]
[White "Pingin, Artem"]
[Black "Kolomensky, Vladimir"]
[Result "1/2-1/2"]
[WhiteElo "1967"]
[BlackElo "2120"]
[Annotator ""]
[Source ""]
[Remark ""]

1.e4 c5 2.Nf3 e6 3.d4 cxd4 4.Nxd4 a6 5.Bd3 g6 6.O-O Bg7 7.Nb3
Nc6 8.a4 Nge7 9.c3 d5 10.Qe2 O-O 11.N1d2 b6 12.Nf3 Qc7 13.Be3
Bb7 14.Nfd2 h6 15.f3 Rfd8 16.Qf2 Nc8 17.exd5 Ne5 18.Bc2 Bxd5
19.Rfd1 Rb8 20.h3 Nd6 21.Bd4 Ndc4 22.f4 Nxd2 23.Nxd2 Nd7 24.Bxg7
Kxg7 25.Nf1 Bc6 26.Ne3 Nf6 27.Ng4 Nxg4 28.hxg4 Rxd1+ 29.Rxd1
Rd8 30.Rd4 Rd7 31.Rxd7 Bxd7 32.Qd4+ Kg8 33.Kf2 a5 34.Bd1 Bc6
35.Be2 g5 36.fxg5 hxg5 37.b3 Bd5 38.c4 Bb7 39.Bf3 Bxf3 40.Kxf3
Qc5 41.Qd8+ Kg7 42.g3 Qc6+ 43.Kf2 f6 44.Qe7+ Kg6 45.Qd8 Qc5+
46.Kg2 f5 47.Qg8+ Kf6 48.Qh8+ Kg6 49.Qh5+ Kf6 50.Qh6+ Kf7 51.Qh7+
Kf6 52.Qh6+ Kf7 53.Qxg5 Qc6+ 54.Kh2 Qf3 55.gxf5 Qf2+ 56.Kh3 Qf1+
57.Kh2 Qf2+ 58.Kg1 Qe3+ 1/2-1/2

[Event "Fide Open"]
[Site "Voronezh"]
[Date "2018.06.18"]
[Round "7.7"]
[White "Nakonechny, Ignat"]
[Black "Yakimenko, Alexander A."]
[Result "1/2-1/2"]
[WhiteElo "1890"]
[BlackElo "2094"]
[Annotator ""]
[Source ""]
[Remark ""]

1.e4 e6 2.d4 d5 3.Nd2 Nc6 4.Ngf3 Nf6 5.e5 Nd7 6.c3 f6 7.exf6
Qxf6 8.Bd3 e5 9.O-O Bd6 10.Qb3 Nb6 11.dxe5 Nxe5 12.Nxe5 Bxe5
13.Nf3 O-O 14.Bg5 Qd6 15.Rfe1 Rxf3 16.gxf3 Bh3 17.Qb4 Bxh2+ 18.Kh1
Qxb4 19.cxb4 Bd6 20.a3 Kf7 21.Bh4 c6 22.Re2 g6 23.Rae1 Nc4 24.Bg3
Bf8 25.Bxc4 dxc4 26.Re4 Bf5 27.Rxc4 Rd8 28.b5 cxb5 29.Rc7+ Rd7
30.Rec1 a5 31.Rxd7+ Bxd7 32.Rc7 Ke6 33.Rxb7 a4 34.Kg2 Bg7 35.Rb6+
Ke7 36.Bh4+ Kf7 37.Rd6 Be6 38.Rd2 Bh6 39.Rc2 Bc4 40.Bd8 Bf4 41.Ba5
Ke6 42.Bb6 Be5 43.Rd2 Kf5 44.Bd4 Bf4 45.Rd1 h5 46.Re1 g5 47.Re8
Bd5 48.Rf8+ Ke6 49.Rf6+ Ke7 50.Rb6 g4 51.Rxb5 Bxf3+ 52.Kg1 h4
53.Be3 Bc7 54.Bg5+ Ke6 55.Bxh4 Be5 56.Rb6+ Kd5 57.Bf6 Bd6 58.Ra6
Bd1 59.Kf1 g3 60.fxg3 Bxg3 61.Bc3 Bb3 62.Kg2 Bd6 63.Kf3 Bc5 64.Ra8
Bd1+ 65.Kf4 Bc2 66.Rc8 Bb3 67.Rd8+ Kc6 68.Ke5 Bg1 69.Bd4 Bh2+
70.Ke4 Bc2+ 71.Ke3 Bb3 72.Kd3 Bc7 73.Rh8 Ba5 74.Rh6+ Kb5 75.Rh5+
Ka6 76.Rg5 Bd8 77.Bf6 Bb6 78.Be7 Bc7 79.Rg6+ Kb5 80.Bd6 Bb6 81.Bb4
Bf7 82.Rf6 Bc4+ 83.Kc3 Bb3 84.Rh6 Bc7 85.Rh5+ Ka6 86.Kd4 Bb6+
87.Bc5 Ba5 88.Rh7 Kb5 89.Rh6 Bc7 1/2-1/2

[Event "Fide Open"]
[Site "Voronezh"]
[Date "2018.06.18"]
[Round "7.8"]
[White "Lilov, Aleksandr"]
[Black "Kitaev, Roman"]
[Result "0-1"]
[WhiteElo "2046"]
[BlackElo "2031"]
[Annotator ""]
[Source ""]
[Remark ""]

1.d4 Nf6 2.Nf3 g6 3.c4 Bg7 4.Nc3 d5 5.Bf4 c6 6.e3 O-O 7.Bd3 b6
8.h3 Bb7 9.O-O Nbd7 10.Qe2 c5 11.Rfd1 Rc8 12.Ne5 cxd4 13.exd4
e6 14.Nb5 Nh5 15.Bh2 dxc4 16.Be4 Bxe4 17.Qxe4 Nhf6 18.Qb7 Nxe5
19.Bxe5 Qd5 20.Qxd5 Nxd5 21.Nxa7 Bxe5 22.dxe5 Rc5 23.a4 Ra8 24.Nb5
Nb4 25.Nd6 Nc6 26.f4 Nb4 27.Ne4 Rc7 28.Nf6+ Kg7 29.Rd6 Rc6 30.Rd7
Nd3 31.Ne4 Nxb2 32.Rc1 Rxa4 33.Rc3 Nd3 34.Nd6 b5 35.Nxb5 Nxf4
36.Kh2 Ra2 37.Rf3 g5 38.Rg3 h6 39.h4 Kg6 40.hxg5 hxg5 41.Rd8
f6 42.exf6 Kxf6 43.Rf8+ Ke7 44.Rg8 Rc5 45.Nc3 Rc2 46.Ne4 Rf5
47.Nxg5 Kd6 48.Rd8+ Kc6 49.Rg4 Nxg2 50.Rc8+ Kd7 51.Rcxc4 Rxc4
52.Rxc4 Rxg5 53.Re4 0-1